MARC details
| 000 -LEADER |
| campo de control de longitud fija |
01028cam a22002657a 4500 |
| 001 - NÚMERO DE CONTROL |
| campo de control |
85843 |
| 003 - IDENTIFICADOR DE NÚMERO DE CONTROL |
| campo de control |
ItRI |
| 005 - FECHA Y HORA DE LA ÚLTIMA TRANSACCIÓN |
| campo de control |
20260429121808.0 |
| 008 - DATOS DE LONGITUD FIJA--INFORMACIÓN GENERAL |
| campo de control de longitud fija |
260429s1991 it |||||| ||||| |ita|c |
| 040 ## - FUENTE DE CATALOGACIÓN |
| Lengua de catalogación |
ita |
| Centro catalogador/agencia de origen |
M-RABA |
| Centro/agencia transcriptor |
M-RABA |
| Centro/agencia modificador |
M-RABA |
| 245 04 - MENCIÓN DEL TÍTULO |
| Título |
The work of Sheila Gibson : |
| Resto del título |
a catalogue to accompany the exibition Architecture & Archaeology : Institute of Archaeology ... London, March 15-April 12, 1991 [e] British School at Rome ... Roma, April 23-May 7, 1991. |
| 246 13 - FORMA VARIANTE DEL TITULO |
| Título propio/Titulo breve |
Architecture & archaeology : the work of Sheila Gibson. |
| 260 ## - PUBLICACIÓN, DISTRIBUCIÓN, ETC. |
| Lugar de publicación, distribución, etc. |
Roma |
| Nombre del editor, distribuidor, etc. |
: British School at Rome |
| Fecha de publicación, distribución, etc. |
, 1991 |
| 300 ## - DESCRIPCIÓN FÍSICA |
| Extensión |
[54] p. (sin numerar) : |
| Otras características físicas |
: il. |
| Dimensiones |
; 22 x 23 cm |
| 500 ## - NOTA GENERAL |
| Nota general |
En port.: The British School at Rome. |
| 500 ## - NOTA GENERAL |
| Nota general |
Tras tít.: R. I. B. A., A. A. Dip (Hons), F. S. A. |
| 546 ## - NOTA DE IDIOMA |
| Nota de lengua/lenguaje |
Texto en inglés. |
| 600 10 - PUNTO DE ACCESO ADICIONAL DE MATERIA--NOMBRE DE PERSONA |
| Nombre de persona |
Gibson, Sheila |
| Fechas asociadas al nombre |
(1920-2002) |
| 9 (RLIN) |
111703 |
| 650 #7 - PUNTO DE ACCESO ADICIONAL DE MATERIA--TÉRMINO DE MATERIA |
| Término de materia o nombre geográfico como elemento de entrada |
Arquitectura |
| 9 (RLIN) |
42568 |
| 650 #7 - PUNTO DE ACCESO ADICIONAL DE MATERIA--TÉRMINO DE MATERIA |
| Término de materia o nombre geográfico como elemento de entrada |
Arqueología |
| 9 (RLIN) |
18834 |
| 852 ## - LOCALIZACIÓN |
| Número de control de estantería |
F-16114 |
| 982 #1 - EQUIVALENCIA O REFERENCIA-CRUZADA-MENCIÓN DE SERIE--NOMBRE DE CONFERENCIA O REUNIÓN/CONGRESO/TÍTULO [LOCAL, CANADÁ] |
| Enlace |
z01 |
| Nombre de congreso/reunión o jurisdicción como elemento de entrada |
n |
| 942 ## - ELEMENTOS DE ENTRADA SECUNDARIOS (KOHA) |
| Tipo de ítem Koha |
Fondo moderno |
| Suprimir en OPAC |
No |
| 981 #1 - EQUIVALENCIA O REFERENCIA-CRUZADA-MENCIÓN DE SERIE--NOMBRE DE ENTIDAD CORPORATIVA/TÍTULO [LOCAL, CANADÁ] |
| Enlace |
z01 |
| Nombre de entidad corporativa o nombre de jurisdicción como elemento de entrada |
i |
| Unidad subordinada |
xxxe |